Candidatos a governador do RJ com mais votos - Statistics

Estatísticas Gerais
  • Esse quiz foi jogado 63 vezes
    35 desde o último reset
  • A pontuação média é 23 de 38
Estatísticas das Respostas
Resposta % Correto
Anthony Garotinho
94%
Rosinha Garotinho
94%
Leonel Brizola
88%
Luiz Fernando Pezão
78%
Marcelo Freixo
75%
PDT
75%
PL
75%
PMDB
75%
PT
75%
Sérgio Cabral Filho
75%
Wilson Witzel
75%
Benedita da Silva
72%
Cláudio Castro
72%
PSB
72%
PSD
72%
Marcelo Crivella
69%
PSC
69%
DEM
66%
Eduardo Paes
66%
PR
66%
PSDB
66%
PFL
63%
Cesar Maia
56%
Fernando Gabeira
56%
Marcello Alencar
56%
PPS
56%
PSOL
56%
PV
56%
PRB
53%
Denise Frossard
47%
Tarcísio Motta
47%
Luiz Paulo da Rocha
38%
Rodrigo Neves
38%
Jorge Bittar
31%
Fernando Peregrino
28%
Jorge Roberto Silveira
22%
Nelson Carneiro
19%
Newton Cruz
19%
Nenhum quiz correspondente encontrado
Distribuição das Pontuações
Porcentagem de Pessoas com Cada Pontuação
Percentil de Números Respondidos
Sua Pontuação Histórica
Você não jogou esse quiz desde o último reset